Teoría del materialismo histórico (Record no. 36451)

MARC details
000 -LEADER
campo de control de longitud fija 01074nam a2200265 i 4500
001 - NÚMERO DE CONTROL
campo de control 36451
003 - IDENTIFICADOR DE NÚMERO DE CONTROL
campo de control ES-MaACL
005 - FECHA Y HORA DE LA ÚLTIMA TRANSACCIÓN
campo de control 20251128111820.0
007 - CAMPO FIJO DE DESCRIPCIÓN FÍSICA--INFORMACIÓN GENERAL
campo de control de longitud fija t|
008 - DATOS DE LONGITUD FIJA--INFORMACIÓN GENERAL
campo de control de longitud fija 030218s1974 mx ||||1| spa d
100 1# - ENTRADA PRINCIPAL--NOMBRE DE PERSONA
Nombre de persona Bujarin, Nikolai Ivanovich,
Fechas asociadas al nombre 1888-1938
9 (RLIN) 242370
245 10 - MENCIÓN DEL TÍTULO
Título Teoría del materialismo histórico
Resto del título : ensayo popular de sociologia marxista /
Mención de responsabilidad, etc. por Nicolai Ivanovich Bujarin ; prólogo de Aldo Zanardo ; dos comentarios críticos de Antonio Gramsci y Gyorgy Lukács ; [traducción de Pablo de la Torriente Brau y Grabriel Barceló].
250 ## - MENCION DE EDICION
Mención de edición [2ª ed.].
260 ## - PUBLICACIÓN, DISTRIBUCIÓN, ETC.
Lugar de publicación, distribución, etc. [Madrid :
Nombre del editor, distribuidor, etc. Siglo Veintiuno,
Fecha de publicación, distribución, etc. 1974]
300 ## - DESCRIPCIÓN FÍSICA
Extensión VII, 398 p. ;
Dimensiones 21 cm.
650 #4 - PUNTO DE ACCESO ADICIONAL DE MATERIA--TÉRMINO DE MATERIA
Término de materia o nombre geográfico como elemento de entrada Materialismo histórico.
9 (RLIN) 14850
700 1# - ENTRADA AGREGADA--NOMBRE PERSONAL
Nombre de persona Zanardo, Aldo.
9 (RLIN) 117965
700 1# - ENTRADA AGREGADA--NOMBRE PERSONAL
Nombre de persona Gramsci, Antonio,
Fechas asociadas al nombre 1891-1937
9 (RLIN) 241506
700 1# - ENTRADA AGREGADA--NOMBRE PERSONAL
Nombre de persona Lukács, György,
Fechas asociadas al nombre 1885-1971
9 (RLIN) 74718
700 1# - ENTRADA AGREGADA--NOMBRE PERSONAL
Nombre de persona Torriente Brau, Pablo de la.
9 (RLIN) 111042
700 1# - ENTRADA AGREGADA--NOMBRE PERSONAL
Nombre de persona Barceló, Gabriel.
9 (RLIN) 25502
852 ## - LOCALIZACIÓN
Ubicación ES-MaACL
Número de control de estantería E-5783
Sublocalización o colección R.89934
852 ## - LOCALIZACIÓN
Ubicación ES-MaACL
Número de control de estantería E-6095
Sublocalización o colección R.90452
Holdings
Estatus retirado Estado de pérdida Estado de daño No para préstamo Biblioteca de origen Biblioteca actual Ubicación en estantería Fecha de adquisición Fuente de adquisición Total de préstamos Signatura topográfica completa Código de barras Visto por última vez Precio de reemplazo Tipo de ítem Koha
        Biblioteca del Ateneo de Madrid Biblioteca del Ateneo de Madrid Depósito 2 17/01/2008     E-6095 1038287 23/02/2023 23/02/2023 Libro impreso
        Biblioteca del Ateneo de Madrid Biblioteca del Ateneo de Madrid Depósito 2 17/01/2008     E-5783 1038286 23/02/2023 23/02/2023 Libro impreso